| 000 | 01402nam a2200253Ia 4500 | ||
|---|---|---|---|
| 003 | Ost | ||
| 005 | 20260507075630.0 | ||
| 008 | 260507s9999||||xx |||||||||||||| ||und|| | ||
| 020 | _a9789947782231 | ||
| 040 | _cfsecg | ||
| 041 | _aara | ||
| 082 | _a519.2 | ||
| 100 |
_aالعمري، علي _eمؤلف |
||
| 245 | 0 |
_aمدخل لنظرية الإحتمالات / _c علي العمري |
|
| 246 | _aintroduction to probability theory | ||
| 260 |
_aالجزائر: _bالنشر الجامعي الجديد, _c2021 |
||
| 300 |
_a231 صفحة؛ _bمنحنيات بيانية _c24 سم |
||
| 504 | _aمراجع ص.223- 225 ملاحق ص. 227- 231 | ||
| 520 | _aالمجموعات وطرق العد، نظرية المجموعات وأنواعها، كذلك الأساسيات في الاحتمال بالاضافة الى نظرية الاحتمال مع الاحتمالات الشرطية، وأنواع المتغيرات العشوائية ، وأخيرا قوانين التوزيعات الاحتمالية وأهم التوزيعات الاحتمالية المتقطعة، والتوزيعات الاحتمالية المستمرةمع تقارب التوزيعات الاحتمالية. | ||
| 653 | _aالاحتمالات( الرياضيات) | ||
| 700 |
_aحيدوشي، عاشور _eمؤلف ثانوي |
||
| 700 |
_aوعيل، ميلود _eمؤلف ثانوي |
||
| 942 | _cكتاب | ||
| 999 |
_c45188 _d45188 |
||